000 00750nam a2200241Ia 4500
003 OSt
005 20220923224143.0
006 a|||||r|||| 00| 0
007 ta
008 Pun
024 _a226,608
037 _cTextual
040 _aARTS
_cARTS
_bPun
041 _2Pun
_aPun
082 _aY73(P153):351, 153P3
100 _aਮਾਦਪੂਰੀ, ਸੁਖਦੇਵ
245 0 _aਲੋਕ ਪੀਤਾਂ ਦੀ ਸਮਾਜਿਕ ਵਿਆਖਿਆ
260 _aਲੁਧਿਆਣਾ
_b ਚੇਤਨਾ ਪ੍ਰਕਾFਨ
_c2003
300 _a199ਪੰ
_ccm.
650 _aਸਮਾਜ Fਾਸਤਰ
942 _hY73(P153):351, 153P3
_cTEXL
_2CC
999 _c369573
_d369573